Królowie Strzelców Ekstraklasy - Statystyki

Ogólne statystyki
  • Ten quiz został rozwiązany 1 209 razy
    926 od ostatniego zresetowania
  • Średni wynik to 25 z 97
Statystyki odpowiedzi
Sezon Liczba Bramek Król Strzelców % Poprawnych
2009/10 18 Robert Lewandowski
79%
2015/16 28 Nemanja Nikolić
69%
1974/75 18 Grzegorz Lato
66%
1972/73 13 Grzegorz Lato
66%
2016/17 18 Marcin Robak
64%
2013/14 22 Marcin Robak
64%
2010/11 14 Tomasz Frankowski
64%
2004/05 25 Tomasz Frankowski
64%
2000/01 18 Tomasz Frankowski
64%
1998/99 21 Tomasz Frankowski
64%
2017/18 24 Carlitos
61%
2008/09 19 Paweł Brożek
60%
2007/08 23 Paweł Brożek
60%
2003/04 20 Maciej Żurawski
58%
2001/02 21 Maciej Żurawski
58%
2018/19 24 Igor Angulo
55%
1968/69 22 Włodzimierz Lubański
55%
1967/68 24 Włodzimierz Lubański
55%
1966/67 18 Włodzimierz Lubański
55%
1965/66 23 Włodzimierz Lubański
55%
2016/17 18 Marco Paixao
45%
2011/12 22 Artjoms Rudnevs
43%
1961 24 Ernest Pohl
43%
1959 21 Ernest Pohl
43%
1954 13 Ernest Pohl
43%
1939 27 Ernest Wilimowski
42%
1938 21 Ernest Wilimowski
42%
1936 18 Ernest Wilimowski
42%
1934 34 Ernest Wilimowski
42%
1963/64 18 Jerzy Wilim
42%
1964/65 20 Lucjan Brychczy
41%
1963/64 18 Lucjan Brychczy
41%
1957 19 Lucjan Brychczy
41%
2012/13 14 Robert Demjan
37%
1953 24 Gerard Cieślik
33%
1952 11 Gerard Cieślik
33%
2006/07 15 Piotr Reiss
33%
2014/15 20 Kamil Wilczek
30%
2002/03 24 Stanko Svitlica
29%
2008/09 19 Takesure Chinyama
29%
1927 37 Henryk Reyman
26%
1989/90 18 Andrzej Juskowiak
24%
2005/06 21 Grzegorz Piechna
23%
1987/88 20 Dariusz Dziekanowski
19%
1979/80 24 Kazimierz Kmiecik
19%
1978/79 17 Kazimierz Kmiecik
19%
1977/78 15 Kazimierz Kmiecik
19%
1975/76 20 Kazimierz Kmiecik
19%
1951 20 Teodor Anioła
19%
1950 20 Teodor Anioła
19%
1949 20 Teodor Anioła
19%
1992/93 25 Jerzy Podbrożny
18%
1991/92 20 Jerzy Podbrożny
18%
1988/89 24 Krzysztof Warzycha
15%
1995/96 29 Marek Koniarek
14%
1997/98 14 Arkadiusz Bąk
13%
1997/98 14 Sylwester Czereszewski
13%
1997/98 14 Mariusz Śrutwa
12%
1999/00 19 Adam Kompała
11%
1996/97 18 Mirosław Trzeciak
10%
1982/83 15 Mirosław Okoński
9%
1938 21 Teodor Peterek
7%
1936 18 Teodor Peterek
7%
1973/74 15 Zdzisław Kapka
7%
1985/86 20 Andrzej Zgutczyński
6%
1962 16 Jan Liberda
6%
1959 21 Jan Liberda
6%
1970/71 13 Andrzej Jarosik
5%
1969/70 18 Andrzej Jarosik
5%
1982/83 15 Mirosław Tłokiński
5%
1994/95 16 Bogusław Cygan
4%
1984/85 14 Leszek Iwanicki
4%
1986/87 24 Marek Leśniak
4%
1991/92 20 Mirosław Waligóra
4%
1990/91 21 Tomasz Dziubiński
4%
1993/94 21 Zenon Burzawa
4%
1937 12 Artur Woźniak
3%
1933 18+1 Artur Woźniak
3%
1935 22 Michał Matyas
3%
1929 25 Rochus Nastula
3%
1983/84 14 Włodzimierz Ciołek
3%
1976/77 17 Włodzimierz Mazur
3%
1981/82 15 Grzegorz Kapica
2%
1956 21 Henryk Kempny
2%
1954 13 Henryk Kempny
2%
1963/64 18 Józef Gałeczka
2%
1930 24 Karol Kossok
2%
1980/81 24 Krzysztof Adamczyk
2%
1928 28 Ludwik Gintel
2%
1948 31 Józef Kohut
1%
1932 15 Kajetan Kryszkiewicz
1%
1962/63 18 Marian Kielec
1%
1960 17 Marian Norkowski
1%
1971/72 16 Ryszard Szymczak
1%
1955 16 Stanisław Hachorek
1%
1931 24 Walerian Kisieliński
1%
1958 18 Władysław Soporek
1%
Nie znaleziono quizów pasujących do podanych kryteriów
Rozkład punktacji
Procent ludzi z każdym wynikiem
Percentyl według liczby udzielonych odpowiedzi
Twoja historia wyników
Nie rozwiązałeś tego quizu od ostatniego zresetowania